Opciones electorales en Costa Rica: neutralidad o apoyo norteamericano /

Enregistré dans:
Détails bibliographiques
Auteur principal: Núñez, Oscar
Format: Texte
Sujets:
Tags: Ajouter un tag
Pas de tags, Soyez le premier à ajouter un tag!

MARC

LEADER 00000 a a2200000 04500
001 12120
003
040
100 |a Núñez, Oscar  
245 |a Opciones electorales en Costa Rica:   |b neutralidad o apoyo norteamericano /  |c Oscar Núñez 
650 |a ANALISIS POLITICO  
650 |a ELECCIONES  
650 |a PARTIDOS POLITICOS  
650 |a IDEOLOGIAS  
650 |a MILITARISMO  
650 |a NEUTRALIDAD  
650 |a MANTENIMIENTO DE LA PAZ  
773 |g número 23; páginas 8-10  
999 |c 35455  |d 35455